000 00460nam a22001817a 4500
999 _c532783
_d532783
003 NUST
005 20191202192804.0
008 191202b ||||| |||| 00| 0 eng d
020 _a1259006050
024 _a9781259006050
038 _aMSOHAIL
082 _a0
100 _aARCEIVALA
_926378
245 _aEnvironmental Studies: A Practitioner's Approach
260 _aNew Delhi
_bTata McGraw-Hill Education
_cc2012
300 _ap;322
942 _2ddc
_cBK